Statistics for Countries with the Least Rainfall

Click here to take the quiz!

General Stats

  • This quiz has been taken 488 times
  • The average score is 19 of 25

Answer Stats

#mm Per YearAnswer% Correct
1.51Egypt
96%
3.59Saudi Arabia
91%
2.56Libya
91%
7.89Algeria
89%
17.216Iraq
89%
5.78United Arab Emirates
88%
19.228Iran
88%
11.125Oman
88%
14.167Yemen
86%
4.74Qatar
86%
16.207Tunisia
83%
9.111Jordan
82%
23.252Syria
81%
25.282Mali
81%
6.83Bahrain
80%
10.121Kuwait
79%
12.151Niger
77%
24.282Somalia
72%
8.92Mauritania
71%
13.161Turkmenistan
68%
21.241Mongolia
67%
15.206Uzbekistan
66%
22.250Kazakhstan
62%
18.220Djibouti
58%
20.228Cape Verde
15%

Score Distribution

Percentile by Number Answered

Percent of People with Each Score

Your Score History

You have not taken this quiz